Predikcia úspešnosti projektov na portáloch pre kolektívne financovanie

Guardado en:
Detalles Bibliográficos
Autor principal: Blanárik, Patrik (Autor)
Otros Autores: Srba, Ivan (Orientador)
Formato: Manuscrito Libro
Lenguaje:eslovaco
Publicado: 2018
Materias:
Acceso en línea:http://is.stuba.sk/zp/portal_zp.pl?podrobnosti=122744
Etiquetas: Agregar Etiqueta
Sin Etiquetas, Sea el primero en etiquetar este registro!

MARC

LEADER 00000ntm a22000003a 4500
001 stuzp70214
003 SK-STU
005 20190220162131.6
007 ta
008 150427s2015----xo-----f-mn---000-0-slo-d
040 |a STU  |b slo 
041 0 |a slo 
044 |a xo 
100 1 |a Blanárik, Patrik  |u 070200  |4 aut  |U FIIT Fakulta informatiky a informačných technológií  |T FIIT Ústav informatiky, informačných systémov a softvérového inžinierstva  |X 79484  |U I200  |Y 179  |7 79484 
242 0 1 |a Prediction of Project Success on Crowdfunding Portals  |y eng 
245 1 0 |a Predikcia úspešnosti projektov na portáloch pre kolektívne financovanie 
260 |c 2018 
300 |a 46 s., príl., CD-rom 
650 4 |a strojové učenie  |2 slo 
650 4 |a predikcia úspešnosti  |2 slo 
650 4 |a klasifikácia  |2 slo 
650 4 |a portály pre kolektívne financovanie  |2 slo 
650 4 |a Kickstarter  |2 slo 
650 4 |a Kickstarter  |2 eng 
650 4 |a machine learning  |2 eng 
650 4 |a classification  |2 eng 
650 4 |a crowdfunding portals  |2 eng 
650 4 |a success prediction  |2 eng 
700 1 |a Srba, Ivan  |u 070200  |k Z1  |4 ths  |U FIIT Fakulta informatiky a informačných technológií  |T FIIT Ústav informatiky, informačných systémov a softvérového inžinierstva  |X 47914  |U I200  |Y 179  |7 47914 
856 4 |u http://is.stuba.sk/zp/portal_zp.pl?podrobnosti=122744 
996 |b IZP20180081  |c I*BAP97/18  |l II680  |s P  |a 0  |w stuzp70214_0001